Statistics for European Capitals

Click here to take the quiz!

General Stats

  • This quiz has been taken 15 times
    (5 since last reset)
  • The average score is 30 of 45

Answers on the Map

Answers color-coded by a green-red scale on the quiz's map according to % correct below.
 

Answer Stats

CountryCapital% Correct
GreeceAthens
100%
NetherlandsAmsterdam
75%
AndorraAndorra La Vella
75%
GermanyBerlin
75%
SwitzerlandBern
75%
BelgiumBrussels
75%
DenmarkCopenhagen
75%
IrelandDublin
75%
FinlandHelsinki
75%
UkraineKyiv
75%
PortugalLisbon
75%
United KingdomLondon
75%
LuxembourgLuxembourg
75%
SpainMadrid
75%
MonacoMonaco
75%
RussiaMoscow
75%
NorwayOslo
75%
FranceParis
75%
RigaRiga
75%
ItalyRome
75%
San MarinoSan Marino
75%
Bosnia and HSarajevo
75%
BulgariaSofia
75%
EstoniaTallinn
75%
AlbaniaTirana
75%
Vatican CityVatican City
75%
AustriaVienna
75%
PolandWarsaw
75%
SerbiaBelgrade
50%
SlovakiaBratislava
50%
RomaniaBucharest
50%
HungaryBudapest
50%
MoldovaChisinau
50%
SolveniaLjubljana
50%
BelarusMinsk
50%
MontenegroPodgorica
50%
CzechiaPrague
50%
KosovoPristina
50%
IcelandReykjavik
50%
N MacedoniaSkopje
50%
SwedenStockholm
50%
LiechtensteinVaduz
50%
MaltaValletta
50%
LithuaniaVilnius
50%
CroatiaZagreb
50%

Score Distribution

Percentile by Number Answered

Percent of People with Each Score

Your Score History

You have not taken this quiz since the last reset